Bringing class back in : contemporary and historical perspectives

Αποθηκεύτηκε σε:
Λεπτομέρειες βιβλιογραφικής εγγραφής
Άλλοι συγγραφείς: McNall, Scott G. (Επιμελητής έκδοσης), Levine, Rhonda F. (Επιμελητής έκδοσης), Fantasia, Rick (Επιμελητής έκδοσης)
Μορφή: Βιβλίο
Γλώσσα:English
Δημοσίευση: Boulder : Westview, 1991
Θέματα:
Ετικέτες: Προσθήκη ετικέτας
Δεν υπάρχουν, Καταχωρήστε ετικέτα πρώτοι!

MARC

LEADER 00000nam a2200000 i 4500
001 1/96733
008 941128s1991 eng d
020 |a 0-8133-1050-4 
035 |l 10010293 
040 |a GR-MY-UA  |b gre  |e aacr 
041 0 |a eng 
082 0 |a 305.5 
245 1 0 |a Bringing class back in :  |b contemporary and historical perspectives /  |c Edited by Scott G. McNall, Rhonda F. Levine, Rick Fantasia 
260 |a Boulder :   |b Westview,   |c 1991 
300 |a 344 p. 
504 |a Includes index. 
650 0 0 |a Social classes. 
650 0 0 |a Social conflict. 
650 0 0 |a Ideology. 
700 1 |a McNall, Scott G.  |4 edt 
700 1 |a Levine, Rhonda F.  |4 edt 
700 1 |a Fantasia, Rick.  |4 edt 
852 |a INST  |b LESVOS  |e 19941128  |h 305.5 BRI  |p 005100003330  |q 005100003330  |t BK  |y 0 
909 |a Λ  |b 036301